Welcome to CU Library Online Public Access Catalogue (OPAC)

Principles of Banking Law / (Record no. 1309)

MARC details
000 -LEADER
fixed length control field 00700cam a22002174a 4500
001 - CONTROL NUMBER
control field 14335938
005 - DATE AND TIME OF LATEST TRANSACTION
control field 20241118182439.0
008 - FIXED-LENGTH DATA ELEMENTS--GENERAL INFORMATION
fixed length control field 060411s2004 gh a 000 0 eng
020 ## - INTERNATIONAL STANDARD BOOK NUMBER
Canceled/invalid ISBN 9988788111
050 00 - LIBRARY OF CONGRESS CALL NUMBER
Classification number KRX885
Item number .A96 ANI 2004
100 1# - MAIN ENTRY--PERSONAL NAME
Personal name Anim-Addo, Fred.
245 10 - TITLE STATEMENT
Title Principles of Banking Law /
Statement of responsibility, etc. F.K. Anim-Addo.
250 ## - EDITION STATEMENT
Edition statement 2nd ed.
260 ## - PUBLICATION, DISTRIBUTION, ETC.
Place of publication, distribution, etc. [Accra] :
Name of publisher, distributor, etc. Chartered Institute of Bankers (Gh),
Date of publication, distribution, etc. 2004.
300 ## - PHYSICAL DESCRIPTION
Extent x, 266 p. :
Other physical details ill. ;
Dimensions 30 cm.
440 #0 - SERIES STATEMENT/ADDED ENTRY--TITLE
Title Bankers workbook series
500 ## - GENERAL NOTE
General note "Recommended reading for the associateship examinations"--Cover.
650 #0 - SUBJECT ADDED ENTRY--TOPICAL TERM
Topical term or geographic name entry element Banking law
Geographic subdivision Ghana.
650 #0 - SUBJECT ADDED ENTRY--TOPICAL TERM
Topical term or geographic name entry element Banking law
Geographic subdivision Ghana
Form subdivision Problems, exercises, etc.
942 ## - ADDED ENTRY ELEMENTS (KOHA)
Source of classification or shelving scheme Library of Congress Classification
Koha item type Books
Suppress in OPAC No
999 ## -
-- 1309
-- 1309
Holdings
Withdrawn status Lost status Source of classification or shelving scheme Damaged status Not for loan Collection Home library Current library Shelving location Date acquired Total checkouts Full call number Barcode Date last seen Copy number Price effective from Koha item type
    Library of Congress Classification     Non-fiction Law Library (Christ Temple) Law Library (Christ Temple) General stacks 11/18/2024   KRX885.A96 ANI llct00000079 11/18/2024 1 11/18/2024 Books
    Library of Congress Classification     Non-fiction Law Library (Christ Temple) Law Library (Christ Temple) General stacks 11/18/2024   KRX885.A96 ANI llct00000074 11/18/2024 2 11/18/2024 Books
© 2023-2024 Copyright: Central University Libraries. All Rights Reserved | Created by: Mahone Tech Office